LDR 01001naa#a2200217#i#450# 001 RU\\bibl\121332 005 20260515024850.5 011 ## _a1994-4683 100 ## _a20230803b2023####ek#y0rusy0150####ca 102 ## _aRU 200 1# _aПРОБЛЕМА НЕСТАБИЛЬНОСТИ ОПОРНО-ДВИГАТЕЛЬНОГО АППАРАТА КИКБОКСЕРОВ 8-9 ЛЕТ, НА ЭТАПЕ НАЧАЛЬНОЙ ПОДГОТОВКИ _eЖурнальная статья 210 1# _aМосква _cНациональный государственный Университет физической культуры, спорта и здоровья им. П.Ф. Лесгафта _d2023 215 ## _a5 с. 608 ## _aЖурнальная статья _2local 675 ## _aКик-боксинг. 796.835 _z 700 #1 _aСалугин _gФ В 700 #1 _aСпатаева _gМ Х 700 #1 _aМальцев _gД В 700 #1 _aСпатаев _gС К 700 #1 _aНечаев _gА В 856 4# _auchzapiski.lesgaft.spb.ru _u